| 000 | 01684nam a22001817a 4500 | ||
|---|---|---|---|
| 005 | 20250821114517.0 | ||
| 008 | 240812b ||||| |||| 00| 0 eng d | ||
| 082 |
_22021 _aUT |
||
| 100 |
_aZapanta, Christian Joshua A. _957453 |
||
| 245 |
_aSocial and economic impact of excise tax and anti-smoking regulation in digos city / _cChristian Joshua A. Zapanta, Cristel Joy R. Obra, and Ronil S. Mendaros Jr. |
||
| 260 |
_aDigos City : _bUMDC, _cJuly 2021. |
||
| 300 |
_aviii, 56 pages : _c30 cm. |
||
| 520 | _aThe increase of excise tax on cigarettes and its consequences not only to cigarette market but also to the behavior of smokers in Digos City. This study aimed to assess the effectiveness of Sin Tax and Anti-Smoking Media Campaign in regulating smokers in Digos City. Descriptive statistics were used to present the socio demographic, awareness of anti-smoking media campaign and perception and attitude of a smoker. Logit regression analysis was used to know the responsiveness of the smokers to Sin Tax. Result revealed that current cigarette smokers are mostly male, age 26, employed, single, and have a 1000-10 000 income. Based on perception of the respondents, anti-smoking media campaign did not affect the smoking behavior of the respondents. However highest fraction of cigarette smokers are aware and reduced their cigarette consumption because of anti-smoking ordinance. While gender, age, marital status, family size, change in income, price of cigarette and price of rice are insignificant variables. | ||
| 650 |
_aAccountancy. _xUndergraduated Thesis. _957454 |
||
| 700 |
_aObra, Cristel Joy R. _957455 |
||
| 700 |
_aMendaros, Ronil S. Jr. _957456 |
||
| 942 |
_2ddc _cUT |
||
| 999 |
_c20365 _d20365 |
||